| 000 | 00543cam a22002051 4500 | ||
|---|---|---|---|
| 001 | af 47001646 | ||
| 003 | DLC | ||
| 005 | 20260227110809.0 | ||
| 008 | 860912s1945 fr 000 0 fre c | ||
| 010 | _aaf 47001646 | ||
| 035 | _a(OCoLC)14208249 | ||
| 040 |
_aChicago. Univ. Library _cCLU _dDLC |
||
| 042 | _apremarc | ||
| 050 | 0 | 0 |
_aPQ2613.E7373 _bS3 |
| 082 | _a843.91 | ||
| 100 | 1 | _aGermaire, Louis. | |
| 245 | 1 | 0 | _aSans rire et sans parler. |
| 260 |
_a[Paris] _bÉditions du Pavois _c[1945] |
||
| 300 |
_a4 p. l., 11-193 p., 1 l. _c19 cm. |
||
| 999 |
_c1332 _d1332 |
||